000 00789nam a2200229 i 4500
001 C2-0319091
003 PPAK
005 20180728114902.0
008 121017s2010 my a|||| ||||| | may d
020 _a9789679365672
040 _aPPAK
_beng
_cPPAK
_erda
082 0 4 _a630.9595
_223
090 0 0 _a630.9595
_bPRO
_dR
245 0 0 _aProduktiviti dan kecekapan sektor pertanian dan industri pemprosesan makanan terpilih (2009/2010)
264 1 _aKuala Lumpur :
_bInstitut Penyelidikan dan Kemajuan Pertanian Malaysia ,
_c2010
300 _axxxiv, 242 pages :
_bcolour illustrations ;
_c25 cm
336 _2rdacontent
_atext
337 _2rdamedia
_aunmediated
338 _2rdacarrier
_avolume
650 1 0 _aAgriculture - Malaysia. ; Agriculture and state - Malaysia.
942 _ddc
_cB
999 _c119962
_d119962